NI - Ninho - Statistiques

Statistiques générales
  • Ce quiz a été pris 8 fois
  • Le résultat moyen est 10 sur 16
Statistiques - réponses
Réponse % Correct
Eurostar
100%
25 G
75%
Blue story
75%
Branché sur snap
75%
Respect
75%
Yo moko oyebi
75%
Bad
50%
Bon qu’à ça
50%
Chiraq
50%
Dans la peau
50%
Edouard Nahum
50%
Grands ensembles
50%
La vie de Johnny
50%
No love
50%
Plus qu’eux
50%
Rich Porter
50%
Aucun quiz correspondant
Distribution des résultats
% des personnes avec chaque résultat
Percentile par nombre de réponses
Votre historique - résultats
Vous n’avez pas pris ce quiz